[Event "URS-chT Cup 11th"]
[Site "Rostov on Don"]
[Date "1980.05.??"]
[Round "1"]
[White "Chernin, Alexander"]
[Black "Azmaiparashvili, Zurab"]
[Result "1-0"]
[WhiteElo "2470"]
[BlackElo "2415"]
[Annotator "Primel,D"]
[PlyCount "65"]
[EventDate "1980.05.23"]
[EventType "team-tourn"]
[EventRounds "7"]
[EventCountry "URS"]
[SourceTitle "EXT 2020"]
[Source "ChessBase"]
[SourceDate "2019.10.17"]
[SourceVersion "1"]
[SourceVersionDate "2019.10.17"]
[SourceQuality "1"]
[WhiteTeam "Burevestnik"]
[BlackTeam "Dinamo"]
[WhiteTeamCountry "URS"]
[BlackTeamCountry "URS"]

1. c4 e6 2. g3 Nf6 3. Bg2 d5 4. d4 Be7 5. Nf3 O-O 6. O-O b6 {Une ligne
secondaire assez douteuse de l'Ouest-Indienne} (6... dxc4 $142 {La grande
ligne de la catalane}) 7. Nc3 (7. cxd5 $1 exd5 8. Nc3 Bb7 9. Bf4 Na6 10. Qc2
$14) (7. Ne5 $16 {[%cal Gg2a8]}) 7... Bb7 8. cxd5 exd5 9. Qc2 {[%cal Gf1d1]} (
9. Bf4 Na6 10. Ne5) (9. Re1 {la ligne moderne} c5 10. Bf4 Na6 (10... Nc6 11.
dxc5 bxc5 12. Ne5 (12. Rc1 h6)) 11. Rc1 Ne4 12. dxc5 Naxc5 13. Be5 {[%csl Ge5];
Csom,I (2535)-Barczay,L (2470) HUN-ch Budapest 1977 1-0}) 9... c5 10. Rd1 $14 {
[%csl Rd5]} Na6 (10... Nbd7 {Palatnik,S (2490)-Bronstein,D (2570) URS-ch sf
Daugavpils 1978 1-0}) 11. dxc5 {[%csl Rd5][%cal Gd1d5]} Nxc5 12. Ng5 $1 $146 {
[%csl Rh7][%cal Gc3d5] Une tentative d'amélioration sur Nd4 grâce а une menace
tactique sur d5} (12. Nd4 $143 {Palatnik,S (2490)-Velikov,P (2430) Kiev 1978 
(1) 1-0}) (12. Nh4 {[%cal Gh4f5,Gf5e7]}) 12... g6 (12... Rc8 $2 13. Bxd5 $1 {
L'idée de Ng5}) 13. b4 (13. Bf4 Rc8 14. Bh3 Ncd7) 13... Ne6 14. Qb3 Qd6 15. a3
Rfd8 $6 (15... Rac8) 16. e4 $1 $36 Rac8 17. exd5 Nxg5 18. Bf4 $5 (18. Bxg5)
18... Qd7 (18... Rxc3 $143 $5 19. Qxc3 Nxd5 20. Bxd6 Nxc3 21. Bxe7 Rxd1+ 22.
Rxd1 Nxd1 23. Bxb7 $16) 19. Bxg5 Qf5 20. Bf4 Bd6 21. Bxd6 Rxd6 22. Rd4 Qe5 23.
Rad1 $16 {[%csl Rb7,Gd5] la position est déjà critique pour les noirs car le B
est mauvais et la Rd6 n'est pas une bonne bloqueuse.} Ba6 24. Qb2 Re8 25. Qd2 (
25. h4 $5) 25... Kg7 $2 26. Ne4 $1 $40 Rdd8 27. d6 Qf5 28. Qc3 $1 {[%csl Rg7]
[%cal Gc3g7]} Nxe4 $4 (28... Kg8 29. Qc7 {[%csl Ra7]}) 29. Rxe4+ Qf6 30. Qxf6+
Kxf6 31. Rxe8 Rxe8 32. Bc6 Rd8 33. b5 1-0

[Event "Sautron op 13th"]
[Site "Sautron"]
[Date "2013.10.27"]
[Round "2"]
[White "Roiz, Michael"]
[Black "Nguyen, Chi Minh"]
[Result "1/2-1/2"]
[WhiteElo "2614"]
[BlackElo "2389"]
[Annotator "Primel,D"]
[PlyCount "49"]
[EventDate "2013.10.26"]
[EventType "swiss"]
[EventRounds "9"]
[EventCountry "FRA"]
[SourceTitle "EXT 2014"]
[Source "ChessBase"]
[SourceDate "2013.11.20"]
[SourceVersion "1"]
[SourceVersionDate "2013.11.20"]
[SourceQuality "1"]
[TimeControl "40/5400+30:1800+30"]
[WhiteClock "1:30:00"]
[BlackClock "1:30:00"]

1. c4 {[%emt 0:00:00]} e6 {[%emt 0:00:00]} 2. Nf3 {[%emt 0:01:32]} Nf6 {
[%emt 0:01:01]} 3. Nc3 {[%emt 0:01:00]} b6 {[%emt 0:06:14] Une petite
hésitation du français} (3... Bb4 4. Qc2 (4. g4 $5)) (3... d5) (3... c5) 4.
g3 {[%emt 0:01:57]} Bb7 {[%emt 0:01:08]} 5. Bg2 {[%emt 0:01:06]} Be7 {[%emt 0:
01:51]} 6. O-O {[%emt 0:01:50]} O-O {[%emt 0:00:31]} 7. d4 {[%emt 0:00:26]
Retombe sur une Ouest-Indienne mais l'ordre des coups des Blancs permet
d'éviter la variante Ba6} (7. Re1 {[%cal Ge2e4] L'alternative}) 7... Na6 {
[%emt 0:00:35][%cal Gd7d5] Une variante solide souvent jouée par Tiviakov} (
7... Ne4 {La grande ligne} 8. Qc2) (7... d5 $143 8. Ne5 $16) 8. b3 {[%emt 0:04:
59]} (8. Bf4) 8... d5 {[%emt 0:05:16]} 9. Ne5 {[%emt 0:04:26][%cal Gg2b7]} (9.
Bb2 c5 10. Ne5 $14 Re8 (10... Nc7 11. Rc1)) 9... c5 {[%emt 0:09:31]} (9... c6 {
Plus solide mais aussi plus passif} 10. Bb2 Nd7 11. Nd3 $14 {Andersson,U (2605)
-Tiviakov,S (2575) Haninge 1992 (7) 1/2}) 10. Bb2 {[%emt 0:01:12]} (10. Bf4)
10... Qb8 {[%emt 0:11:22][%cal Gc5d4,Gb8e5,Gf8d8]} (10... Nc7 11. Rc1 Rc8 12.
dxc5 $14 {Smyslov,V (2565)-Psakhis,L (2615) Las Palmas Interzonal 1982 (7) 1-0}
) 11. cxd5 {[%emt 0:03:54]} exd5 {[%emt 0:07:45]} 12. e3 {[%emt 0:06:49]} (12.
Nd3 Rd8 13. Rc1 $32 {[%csl Ra8];Llorente Zaro,A (2324)-Narciso Dublan,M (2464)
Pamplona op 2005 (4) 1/2}) 12... Rd8 {[%emt 0:02:44]} 13. Ne2 {[%emt 0:13:12]
Les deux adversaires sont hors préparation} (13. Rc1) 13... Nb4 $5 $146 {
[%emt 0:04:28] Un plan original car le N est plus souvent recyclé vers c7 et
e6} (13... Qd6 14. Nf4 Nc7 15. Rc1 Ne6 16. Re1 Bf8 17. Nh5 Nxh5 18. Qxh5 Qe7 {
1/2-1/2 (18) Furman,S (2535)-Huebner,R (2600) Bad Lauterberg 1977}) (13... Nc7
14. Nf4 Ne6) 14. Nf4 {[%emt 0:02:56]} (14. a3 Nc6 15. Nf4 $14 {[%csl Rd5][%cal
Gd4c5]} (15. Nd3 c4 $1)) 14... Nc6 {[%emt 0:07:34]} 15. Rc1 $14 {[%emt 0:04:42]
[%csl Rd5][%cal Ge5c6,Gd4c5]} Nxe5 {[%emt 0:06:21]} 16. dxe5 {[%emt 0:00:35]}
Ne4 {[%emt 0:01:04]} 17. Qg4 $36 {[%emt 0:02:13][%csl Rg7][%cal Ge5e6,Gg4g7]} (
17. e6) 17... g6 {[%emt 0:00:56][%csl Gb2,Rf6,Rh6]} 18. Rfd1 {[%emt 0:08:57]} (
18. h4 {[%csl Rg6][%cal Gh4h5]} Qc8) (18. e6 f5 19. Qe2 Qc8 $2 20. Bxe4 fxe4
21. Qg4) 18... Qc8 $1 {[%emt 0:04:23]} 19. e6 {[%emt 0:01:52]} f5 {[%emt 0:01:
48]} 20. Qh3 $5 {[%emt 0:15:14][%csl Rh8][%cal Gf4g6]} (20. Qe2 $142 Bg5 21. f3
Nd6 22. Nxd5) 20... Bg5 $4 {[%emt 0:04:08]} (20... Bf6 $8 {Le seul coup pour
parer la menace Qh8}) 21. Nxg6 $2 {[%emt 0:10:27] Avec 20 mns à la pendule
pour jouer 20 coups, la pression du temps commençait à se faire sentir mais
les Blancs vont se tromper dans l'ordre de coups} (21. Bxe4 $8 {Un coup
intermédiaire indispensable afin d'éviter un repli Bf6 ou Nf6} dxe4 (21...
fxe4 22. Nxg6) 22. Rxd8+ Qxd8 23. Nxg6 $18 {[%cal Gh3h8]}) 21... Qxe6 {[%emt 0:
00:58]} 22. Nf4 {[%emt 0:00:06]} Qf7 {[%emt 0:05:55]} 23. Bf3 {[%emt 0:02:54]}
(23. Nd3 {[%cal Gd3e5]}) 23... Bxf4 {[%emt 0:01:51]} 24. Bh5 {[%emt 0:01:30]} (
24. gxf4 {[%cal Gg1h1,Gd1g1,Gf3e4]}) 24... Qe6 {[%emt 0:02:39]} 25. gxf4 {
[%emt 0:01:01] Malgré la paire de B , les Blancs ont perdu tout avantage et
ils préfèrent proposer la nulle avant de continuer à détériorer leur
position.} 1/2-1/2

[Event "Cappelle op 31st"]
[Site "Cappelle la Grande"]
[Date "2015.03.03"]
[Round "5"]
[White "Lalic, Bogdan"]
[Black "Calistri, Tristan"]
[Result "1-0"]
[WhiteElo "2483"]
[BlackElo "2304"]
[Annotator "RR"]
[PlyCount "49"]
[EventDate "2015.02.28"]
[EventType "swiss"]
[EventRounds "9"]
[EventCountry "FRA"]
[SourceTitle "EXT 2016"]
[Source "ChessBase"]
[SourceDate "2015.10.08"]
[SourceVersion "1"]
[SourceVersionDate "2015.10.08"]
[SourceQuality "1"]

1. d4 Nf6 2. c4 e6 3. Nf3 b6 {Une petite surprise car le MI joue d"habitude
l'Est-Indienne} 4. g3 Bb7 (4... Ba6) 5. Bg2 Be7 6. Nc3 Ne4 7. Bd2 O-O (7... Bf6
{Plus solide} 8. O-O O-O) 8. Rc1 f5 9. d5 Bf6 10. O-O Na6 11. a3 (11. Be1 Nac5
12. Nd4) 11... c5 (11... c6 $5 {Doit transposer} 12. dxe6 dxe6 13. Qc2 {
Huebner,R (2604)-Gulko,B (2597) Curacao op Willemstad 2003 (7) 1/2}) 12. dxc6 (
12. Qb3 Bxc3 13. Bxc3 exd5 14. cxd5 d6 15. Rfd1 Qe7 16. Nd2 Nc7 17. Nb1 Rae8
18. Be1 Qf7 19. Nc3 Nxc3 20. bxc3 Rxe2 21. c4 f4 22. Qf3 Re7 23. Bd2 Qe8 24.
Re1 b5 25. Rxe7 Qxe7 26. Re1 Qd7 27. Qb3 fxg3 28. hxg3 Ba6 29. cxb5 Qxb5 30.
Qxb5 Nxb5 31. Bf4 Rd8 32. Bg5 Rb8 33. Bf4 Rd8 34. Bg5 Rb8 35. Bf4 {1/2-1/2 (35)
Conquest,S (2530)-Bruzon Batista,L (2648) Calvia 2006}) 12... Bxc6 $6 (12...
dxc6 $8 13. Qc2 (13. b4)) 13. b4 $40 Nc7 $146 (13... Rc8 14. Nb5 Bxb5 15. cxb5
Nc7 16. Qa4 Ra8 17. Rc2 a6 18. bxa6 Rxa6 19. Qb3 Nd5 20. b5 Ra7 21. Bb4 Nxb4
22. axb4 Qe7 23. Rfc1 Rfa8 24. Qe3 Ra2 25. Rxa2 Rxa2 26. Qxb6 Rxe2 27. Qb8+ Kf7
28. b6 Rb2 29. Qc7 Rxb4 30. b7 Qd6 31. Qc8 Qb6 32. Qxd7+ Kg6 33. Rf1 Nc5 34.
Qe8+ Kh6 35. Nd2 Nxb7 36. Bxb7 Qxb7 37. Qxe6 Qb5 38. Nf3 Re4 39. Qc8 Qd5 40.
Qc1+ Kg6 41. Rd1 Rc4 42. Rxd5 {1/2-1/2 (42) Codenotti,M (2357)-Saim,M (2040)
Pune 2014}) (13... Nxc3 14. Bxc3) 14. Qb3 a5 15. h4 axb4 16. axb4 Ne8 17. Nxe4
Bxe4 18. Rfd1 d5 19. Be3 $14 {[%cal Gd1d8]} Nd6 20. cxd5 Bxd5 21. Rxd5 $1 exd5
22. Qxd5+ Kh8 23. Ng5 Ra3 $2 (23... Qe7 $13) 24. Ne6 Qe7 25. Rc7 1-0

[Event "Bundesliga 0607"]
[Site "Germany"]
[Date "2006.10.28"]
[Round "1.3"]
[White "Hracek, Zbynek"]
[Black "Medvegy, Zoltan"]
[Result "1-0"]
[WhiteElo "2614"]
[BlackElo "2518"]
[Annotator "Reeh,O"]
[PlyCount "75"]
[EventDate "2006.10.28"]
[EventType "team-tourn"]
[EventRounds "15"]
[EventCountry "GER"]
[SourceTitle "CBM 116"]
[Source "ChessBase"]
[SourceDate "2007.02.01"]
[SourceVersion "1"]
[SourceVersionDate "2007.02.01"]
[SourceQuality "1"]
[WhiteTeam "Werder Bremen"]
[BlackTeam "Eppingen"]
[WhiteTeamCountry "GER"]
[BlackTeamCountry "GER"]

1. Nf3 Nf6 2. c4 b6 3. d4 e6 4. g3 Bb7 5. Bg2 Be7 6. O-O O-O 7. Nc3 Ne4 8. Bd2
f5 9. Qc2 Bf6 10. Rad1 Nxc3 11. Bxc3 Be4 12. Qc1 d6 13. Ne1 Bxg2 14. Nxg2 Qe8
15. Nf4 Bg5 16. e3 Nc6 17. Rfe1 Qf7 18. d5 Nd8 19. Ne2 Bf6 20. f4 e5 21. fxe5
dxe5 22. Rf1 Qh5 ({After Auf} 22... g6 {White can rip open the position with
kann Weiß die Stellung aufreißen mit} 23. g4 $1 {(23...fxg4 24.Bxe5) (23...
fxg4 24.Bxe5)}) 23. Qc2 Qh6 ({But now Doch nun war} 23... g6 {was well
playable. gut spielbar.}) 24. Rxf5 Qxe3+ 25. Kg2 Nf7 26. Bb4 Rfe8 {Here or in
the following move, Black should definitely play...Nd6. Hier oder im nächsten
Zug sollte unbedingt ...Sd6 geschehen.} 27. Rdf1 e4 $2 {Opening the long
diagonal... for the white Bb4! Öffnet die lange Diagonale... für den weißen
Bb4!} 28. Nf4 Nh6 ({Now Nun käme} 28... Nd6 {would come too late: zu spät:} 29.
Bxd6 cxd6 30. Ne6 {and White dominates. und Weiß dominiert.}) {[%tqu "En",
"What should White do with his attacked rook?","White has a move here which
destroys the black pawn structure and enhances both his light pieces.","",
"f5f6","Correct!  After this sacrifice, White will get overwhelming positional
advantage.",10,"De","Was soll Weiß mit seinem angegriffenen Turm tun?","Weiß
hat hier einen Zug, der die schwarze Bauernstellung herstört und seine beiden
Leichtfiguren aufwertet","","f5f6","Korrekt!  Nach diesem Opfer erhält Weiß
überwältigenden positionellen Vorteil.",10]} 29. Rxf6 $1 {Destroying Black's
pawn structure and creating a nice attacking target on f6. Zerstört die
schwarze Bauernstruktur und schafft ein schönes Angriffsobjekt auf f6.} gxf6
30. Nh5 $1 f5 (30... Ng4 31. h3) 31. Nf6+ Kg7 32. Bc3 $1 {White is in no hurry
to win back the exchange. Weiß hat es nicht eilig, die Qualität
zurückzugewinnen.} Kg6 (32... Kf7 {was more stubborn, but positionally
hopeless as well. war zäher, doch positionell gleichermaßen hoffnungslos.}) 33.
Qd1 $1 {Threatening 34.Qh5+. Droht 34.Qh5+.} Qg5 34. h4 {There she goes... Da
geht sie hin...} Qxf6 35. Bxf6 Kxf6 36. Qh5 Ng8 37. Rxf5+ Kg7 38. Rf7+ 1-0

[Event "Bern"]
[Site "Bern"]
[Date "1991.??.??"]
[Round "3"]
[White "Wirthensohn, Heinz"]
[Black "Gavrikov, Viktor"]
[Result "1/2-1/2"]
[WhiteElo "2460"]
[BlackElo "2580"]
[Annotator "Ribli,Z"]
[PlyCount "141"]
[EventDate "1991.02.??"]
[EventType "tourn"]
[EventRounds "9"]
[EventCountry "SUI"]
[EventCategory "9"]
[SourceTitle "CBM 022"]
[Source "ChessBase"]
[SourceDate "1991.06.01"]
[SourceVersion "1"]
[SourceVersionDate "1991.06.01"]
[SourceQuality "1"]

1. Nf3 Nf6 2. c4 c5 3. Nc3 e6 4. g3 b6 5. Bg2 Bb7 6. O-O Be7 7. b3 O-O 8. Bb2
d5 9. Ne5 Qc8 (9... Nbd7 10. Nxd7 Qxd7 11. cxd5 exd5 (11... Nxd5 $5) 12. d4
Rfd8 13. e3 Rac8 14. Re1 c4 15. bxc4 dxc4 $13 {Reyes,R-Wedberg,T New York op
1989 CBM/12  -> A 14}) 10. cxd5 exd5 11. d4 Rd8 12. Rc1 Na6 13. e3 Bf8 14. Ne2
$1 Qc7 15. Nf4 Qe7 16. h4 Ne4 17. Bh3 (17. Re1 $5) 17... Rd6 18. Re1 Rad8 19.
Bg2 Rc8 20. Bh3 Rc7 (20... Rcd8 $10) 21. dxc5 bxc5 22. Nf3 f6 23. Nd2 $1 g5 24.
hxg5 fxg5 25. Nh5 $36 Nb4 26. Bf1 Nxa2 27. Nxe4 $1 Qxe4 28. Bg2 Qg6 29. Ra1 Nb4
30. Be5 a6 31. e4 dxe4 32. Bxd6 Rd7 (32... Bxd6 33. Bxe4 $1) 33. Bxe4 $1 Bxe4
34. Rxe4 Rxd6 35. Qe2 $16 h6 36. Re8 Qf7 37. Qc4 (37. Rd1 $1 $18) 37... Qxc4
38. bxc4 Kf7 39. Re4 Nc2 40. Rc1 Nb4 41. Rc3 Rd1+ 42. Kh2 Rd3 43. Rxd3 Nxd3 44.
Re3 Nb2 45. Rf3+ Ke7 46. Rf5 Nxc4 47. Rxc5 Nb2 48. Rc6 a5 49. Ra6 a4 50. f4
gxf4 51. gxf4 Kf7 52. f5 a3 53. Ra7+ Ke8 54. Nf6+ Kd8 55. Ra8+ Ke7 56. Ne4 Nc4
57. Ra7+ Kd8 58. f6 Nb6 59. Kh3 Kc8 60. Nc3 Nd7 61. f7 Bc5 62. Ra4 Kb7 63. Re4
Bf8 64. Re6 Bg7 65. Na2 Bf8 66. Kg4 Nc5 67. Re3 Nd7 68. Kf5 Kc6 69. Re8 Kd5 70.
Rd8 Kc6 71. Re8 1/2-1/2

[Event "Olympiad-38"]
[Site "Dresden"]
[Date "2008.11.15"]
[Round "3"]
[White "Roiz, Michael"]
[Black "Rozentalis, Eduardas"]
[Result "1-0"]
[WhiteElo "2677"]
[BlackElo "2577"]
[Annotator "Roiz,M"]
[PlyCount "89"]
[EventDate "2008.11.13"]
[EventType "team-swiss"]
[EventRounds "11"]
[EventCountry "GER"]
[SourceTitle "CBM 128"]
[Source "ChessBase"]
[SourceDate "2009.01.28"]
[SourceVersion "1"]
[SourceVersionDate "2009.01.28"]
[SourceQuality "1"]
[WhiteTeam "Israel"]
[BlackTeam "Lithuania"]
[WhiteTeamCountry "ISR"]
[BlackTeamCountry "LTU"]

1. d4 Nf6 2. c4 e6 3. Nf3 b6 4. g3 Bb7 5. Bg2 Be7 6. O-O O-O 7. Re1 {I had
prepared this line, since Edouard never chooses the principal continuation
here.} Na6 ({In my opinion, the best move here is} 7... d5 {but it's not to
everyone's taste!}) 8. Nc3 (8. Ne5 {is more popular nowadays.}) 8... Ne4 9.
Nxe4 Bxe4 10. Ne5 Bxg2 11. Kxg2 Qe8 $6 $146 {That new move is too passive and
hardly may be an improvement of Black's play.} ({Edouard's previous choice was
more successful:} 11... c6 12. e4 Qc7 13. Qg4 Rfe8 14. Qh5 Rf8 15. Qg4 Rfe8 16.
Qh5 Rf8 17. Qg4 {1/2-1/2 Schlosser,P-Rozentalis,E/Germany 1999/GER-chT}) (11...
Qc8 12. e4 Qb7 13. Nxd7 Rfd8 14. Ne5 Bf6 15. f4 Bxe5 16. fxe5 b5 17. Bg5 Rd7
18. Qb3 Rb8 19. Rad1 bxc4 20. Qxc4 Qxb2+ 21. Rd2 Qb7 $14 {1/2-1/2 Jeremic,
V-Tadic,B/Zlatibor 2006/EXT 2007}) (11... c5 12. d5 Qc7 13. Nf3 d6 14. e4 Rab8
15. a4 $14 {1/2-1/2 Saldano Dayer,H-Tiviakov,S/Linares 1999/CBM 068 ext (54)})
(11... f5 12. Qa4 Nb8 13. Qb3 Bf6 14. Qf3 Na6 15. b3 c5 16. e3 Nb4 17. Qe2 Qc7
18. Bb2 Qb7+ 19. Kg1 cxd4 20. Bxd4 Rac8 21. Qd2 $14 {1/2-1/2 Perun,
S-Chernyshov,K/Smolensk 2000/CBM 077 (54)}) (11... d6 12. Nc6 Qd7 13. Nxe7+
Qxe7 14. e4 c6 15. Bd2 b5 16. cxb5 cxb5 17. a4 Rfb8 18. axb5 Nc7 19. Bb4 Nxb5
20. d5 $14 {1-0 Hansen,C-De Firmian,N/Malmo 2001/CBM 084 (89)}) 12. e4 d6 13.
Nf3 {White has a stable centre, while Black's Na6 is out of play - according
to chess logic White must be better!} b5 {Probably that was the point of
Edouard's idea - at least he is looking for some queenside counterplay.} (13...
c5 14. d5 e5 $14 {was possible, but White has a clear advantage without any
risk.}) 14. Qe2 Rb8 15. b3 (15. Bd2 bxc4 16. Qxc4 Qb5 17. Qxb5 Rxb5 {leads to
the same position.}) 15... bxc4 16. Qxc4 Qb5 {The resulting endgame is quite
unpleasant for Black, since his pawn structure has clear drawbacks.} ({Black
could try:} 16... Nb4 $5 17. Ba3 c6 18. Bxb4 d5 19. exd5 cxd5 20. Qa6 Bxb4 21.
Rec1 $14) 17. Qxb5 Rxb5 18. Bd2 c5 {The move is very natural, but Black fails
to solve his strategical problems - his Na6 is still out of play, while the
c6-spot is quite vulnerable in his camp.} (18... f5 19. Rac1 (19. e5 d5 20.
Rac1 c5 21. dxc5 Bxc5 22. Rc2 $14) 19... fxe4 20. Rxe4 Rbf5 21. Re3 $14) 19.
Rac1 Rb7 20. Re2 {Protecting the Pa2 in case of Na6-b4 and preparing the
possible doubling of rooks along the c-file.} (20. Rc4 $5) 20... h6 21. Be3 {
Now Black is practically forced to take on d4.} cxd4 22. Nxd4 {In my opinion
this promises more than 22.Bxd4, as it's not easy for Black to keep control of
c6.} (22. Bxd4 e5 23. Be3 f5 24. exf5 Rxf5 $14) 22... Nc5 23. f3 {White has
enough time.} ({There is no reason to go for complications:} 23. Nc6 Nxe4 24.
Bxa7 d5 $14) 23... Bg5 $6 {Edouard is trying to provoke some weakening of
White's position, but it would hardly be possible to exploit that.} ({I would
prefer the rather passive:} 23... Rc8 24. Rec2 a5 $14) 24. f4 ({Maybe even
stronger would be the energetic:} 24. Bxg5 $5 hxg5 25. Rc4 $1 $16 {[%cal Ce6e5,
Ce5d4,Gb3b4] and 26.b4 is unstoppable in view of:} a5 $2 26. e5 dxe5 27. Rxe5
Nd3 28. Rxa5 $18) 24... Bd8 25. Kf3 Bb6 26. Rd1 $1 {That was a tough move for
me, since I didn't want to remove my rook from c1. On the other hand, it was
very important to prevent Black's possible counterplay.} (26. Rd2 $6 f5 27.
exf5 exf5 $14) 26... g6 ({After} 26... f5 27. exf5 exf5 28. Rc2 $16 {White's
rooks are placed perfectly and Black is in trouble.}) 27. Rc2 (27. Nb5 $2 Nxe4
28. Kxe4 d5+) (27. b4 $5 Na4 28. Rc2 $16) 27... f5 {What else? Black couldn't
keep control of the c6-square anyway.} 28. exf5 exf5 ({After} 28... gxf5 29. b4
Na6 30. Nxe6 Nxb4 31. Rc4 $16 {Black has too many weaknesses.}) 29. Nb5 Nxb3 $2
{An unsuccessful tactical attempt to simplify the position.} ({Objectively
better was:} 29... Ne4 30. Bxb6 axb6 31. Rc6 $16) 30. Nxd6 $2 {This move was
played rapidly.} ({At this point, there was the much stronger:} 30. Bxb6 $1
Rxb6 31. Nxd6 Na5 32. Nc8 $1 Rb8 (32... Re6 33. Rd5 Nb7 34. Rd7 $18) 33. Ne7+
Kf7 (33... Kh7 34. Rd7 Rb7 35. Rxb7 Nxb7 36. Rc7 $18) 34. Rd7 Rfd8 35. Rdc7 $18
{and White wins a pawn and gets a technically winning position.}) 30... Bxe3
31. Kxe3 Re7+ 32. Kf3 ({After} 32. Kf2 Na5 33. Rd5 Nb7 34. Nc8 Ref7 35. Nxa7
Nc5 $16 {Black still has some chances due to his strong outpost on e4.}) 32...
Na5 $2 ({We both missed:} 32... Re1 $1 33. Rd3 ({After} 33. Rd5 Rf1+ 34. Ke2
Rc1 35. Rb2 Rc5 36. Rxc5 Nxc5 37. Rb5 Rf6 38. Rxc5 Re6+ 39. Kf3 Rxd6 40. Rc8+
Kf7 41. Rc7+ Kf6 42. Rxa7 g5 $14 {Black has excellent drawing chances.}) 33...
Rf1+ 34. Ke3 Re1+ 35. Kf2 Rh1 36. Kg2 Rc1 37. Rc4 Rxc4 38. Nxc4 $16 {and it's
not easy for White to convert his great positional advantage to a full point.})
33. Rd5 Rd7 $2 ({More stubborn was:} 33... Nb7 34. Nc8 Ref7 35. Nxa7 Ra8 36.
Nb5 $18) 34. Nxf5 $1 {This simple tactical blow immediately decides the game.}
Rxd5 35. Ne7+ Kf7 36. Nxd5 Rd8 37. Ne3 ({Or} 37. Rc5 Nc6 38. Rxc6 Rxd5 39. Rc7+
Kf6 40. Rxa7 $18) 37... Ke6 38. Rc7 a6 39. Rh7 h5 40. Rh6 Kf7 41. f5 Rd3 42.
Ke4 Ra3 43. fxg6+ Kf6 44. Nf5 Ra4+ 45. Kf3 1-0